000 00644nam a2200205 a 4500
001 45389
003 BD-RjUL
005 20211209054014.0
008 1 s1965 E a 001 0 eng
035 _a(BD-RjUL)45507
040 _aDLC
_cFNP
_dOCL
_dBD-RjUL
_beng
041 _aeng
082 _223
_a331.116
_bSUC 1965
100 1 _aSur, Mary,
_d1911-
_9138966
245 1 0 _aCollective bargaining :
_ba comparative study of developments in India and other countries /
_cMary Sur
260 _aLondon :
_bAsia Pub. House,
_cc1965
300 _avii, 192 p.
_c23 cm.
_bill. ;
650 0 _aCollective bargaining
_zIndia.
_9138967
942 _2ddc
_cBK
999 _c45389
_d45389